| 000 | 00474nam a2200181Ia 4500 | ||
|---|---|---|---|
| 999 |
_c29131 _d29131 |
||
| 003 | OSt | ||
| 005 | 20210106144948.0 | ||
| 008 | 190216s9999||||xx |||||||||||||| ||und|| | ||
| 020 | _a9788171309047 | ||
| 040 | _coclc | ||
| 082 |
_a910 _bPOT/B |
||
| 100 |
_aPottekkat, S K _92068 |
||
| 245 | 0 |
_aBalidweep / _cS K Pottekkat |
|
| 260 |
_bD C Books, _c2007. _aKottayam: |
||
| 300 | _a215p | ||
| 650 | _aNovel | ||
| 942 |
_cBK _2ddc _h910 _iPOT/B _k910 _mPOT/B |
||